01633nam a2200241 450000500170000000800410001704000440005804100080010208200160011010000560012624500730018226000670025530000520032249000270037450004080040150502710080950600210108061000610110165000490116265000460121165000380125785600960129520170201114442.0170201s1889 xxua|||fr|||| 001 0 spa d aCO-BoUCMbspacSandra YazodSandra Yazo aspa04220a371.1021 aFitch, Joshua G. cSird1824-1903q(Joshua Girling)10aConferencias sobre enseñanzabdadas en la universidad de Cambridge aNueva York (Estados Unidos)bD. Appleton y compañíac1889 axiii, 335 páginasc19 x 12 cmbilustraciones 0aBiblioteca del maestro aDetalles físicos: Encuadernación rígida en cartón duro forrado en tela texturizada. Lomo con adornos en dorado. Tapas con recuadro repujado en bordes. Guardas. Hoja de cortesía. Anteportada. Portada impresa en una sola tinta. Texto impreso en una sola columna. Ilustraciones entre el texto, pág. 241 (ábaco) y 250. Lomo con residuos de cinta pegante, dobleces. Bordes de páginas manchada0 aPrefacio ; Introducción ; El maestro y sus auxiliares ; La escuela, su objeto y su organización ; De las salas de clase y su destino ; Disciplina ; Instrucción y memoria ; Exámenes ; Enseñanza Preparatoria ; Estudio del lenguaje ; La aritmética como arte aConsulta en sala27aUniversity of Cambridge xCongresos, conferencias, etc.  7aEnseñanza xCongresos, conferencias, etc.  7aMaestros xCongresos, conferencias, etc.  7aUniversidades y1879-1880zEuropa41uhttps://archive.org/details/conferenciassobr00fitczDisponible en línea edición de 1886